Central Library OPAC University of Rajshahi

تذکرہ جگر ;; tazkarah jagr / (Record no. 85624)

MARC details
000 -LEADER
fixed length control field 00620naa a2200205 a 4500
001 - CONTROL NUMBER
control field 85624
003 - CONTROL NUMBER IDENTIFIER
rucl marc code BD-RjUL
005 - DATE AND TIME OF LATEST TRANSACTION
control field 20250903095054.0
008 - FIXED-LENGTH DATA ELEMENTS--GENERAL INFORMATION
fixed length control field 250903s1962 ii ||||| |||| 00| 0 urd d
035 ## - SYSTEM CONTROL NUMBER
System control number (BD-RjUL)85624
040 ## - CATALOGING SOURCE
Original cataloging agency BD-RjUL
Language of cataloging eng
Transcribing agency BD-RjUL
041 ## - LANGUAGE CODE
Language code of text/sound track or separate title urd
082 ## - DEWEY DECIMAL CLASSIFICATION NUMBER
Edition number 23
Classification number 891.439109
Author mark and year KHT 1962
100 ## - MAIN ENTRY--PERSONAL NAME
Personal name خاں ،محمود علی ;; Khan, Mahmood Ali
9 (RLIN) 16742
245 ## - TITLE STATEMENT
Title تذکرہ جگر ;; tazkarah jagr /
Statement of responsibility, etc. محمود علی خاں ;;; Mahmood Ali Khan,
260 ## - PUBLICATION, DISTRIBUTION, ETC. (IMPRINT)
Place of publication, distribution, etc. New Delhi :
Name of publisher, distributor, etc. Maktubai jamiah ,
Date of publication, distribution, etc. 1962
300 ## - PHYSICAL DESCRIPTION
Pagination 176 p. ;
Size 17 cm
650 ## - SUBJECT ADDED ENTRY--TOPICAL TERM
Topical term or geographic name as entry element tajkirah
9 (RLIN) 16743
942 ## - ADDED ENTRY ELEMENTS (KOHA)
Source of classification or shelving scheme Dewey Decimal Classification
Koha item type Books
Holdings
Lost status Source of classification or shelving scheme Damaged status Not for loan Collection code Permanent Location Current Location Shelving location Date acquired Source of acquisition Cost, normal purchase price Total Checkouts Full call number Date last seen Copy number Koha item type
  Dewey Decimal Classification   Not For Loan Non-fiction Central Library, University of Rajshahi Central Library, University of Rajshahi Reading Room 09/05/1967 Sh. Mubarak ali 3.75   U 891.439109 KHT 1962 03/09/2025 C-1 Books